000 01357nam0a2200325 4500
001 RU\NLR\bibl\1207704
005 20260405130540.0
010 _a978-5-209-02865-9
_9300
021 _aRU
_b2008-8612
_9475
035 _a(NLR Aleph) 001194152
090 _a1736147
_c1736147
100 _a20080330d2008 |||y0rusy50 ca
101 0 _arus
_aeng
102 _aRU
105 _aa |||||||||
200 1 _aОсновы лингвострановедения. Treasures of english-speaking countries
_eучебное пособие
_fИ.И. Кобыльская
210 _aМосква
_cРоссийский университет дружбы народов
_d2008
215 _a179 с.
_d20
320 _aБиблиогр.: с. 177-179 (30 назв.)
517 0 _aTreasures of english-speaking countries
606 1 _aАнглийский язык
_jУчебные издания для высших учебных заведений
_9972309
_3RU\NLR\auth\6646032
686 _aШ143.21-93рус3
_bД890(0)
700 1 _4070
_8rus
_7ca
_aКобыльская
_bИ. И.
_gИрма Игоревна
_3RU\NLR\auth\7751665
_934598
801 0 _aRU
_bNLR
_c20080330
_gRCR
801 1 _aRU
_bNLR
_c20080330
830 _aАвт. по кн
942 _cBOOK
980 _aNB